[Event "Hastings7879"]
[Site "Hastings"]
[Date "1978.??.??"]
[Round "8"]
[White "Csom, Istvan"]
[Black "Suba, Mihai"]
[Result "1/2-1/2"]
[WhiteElo "2510"]
[BlackElo "2430"]

1.d4 Nf6 2.c4 e6 3.g3 c5 4.d5 exd5 5.cxd5 d6 6.Nc3 g6 7.Bg2 Bg7 8.Nf3 O-O
9.O-O Na6 10.h3 Nc7 11.e4 Re8 12.Re1 a6 13.a4 Rb8 14.Bf4 Nh5 15.Bg5 f6 16.Bd2 Bf8
17.g4 Ng7 18.Rb1 b5 19.axb5 axb5 20.b4 Na6 21.Na2 Ra8 22.Bc3 h5 23.Nh2 hxg4
24.hxg4 f5 25.Qd2 fxg4 26.Qh6 Nxb4 27.Nxb4 cxb4 28.Bd4 Re5 29.Nf1 Qg5 30.Qxg5 Rxg5
31.Rxb4 Bd7 32.Rc1 Nh5 33.Ng3 Bg7 34.Be3 Re5 35.Ne2 Ree8 36.Rc7 Ra1+ 37.Bf1 Re7
38.Rc1 Ra4 39.Rxa4 bxa4 40.Rc7 a3 41.Ra7 Bb2 42.Bc1 Nf6 43.Bxb2 axb2 44.Rb7 Nxe4
45.Rxb2 Kf7 46.Nd4 Kf6 47.Bg2 Nc5 48.Rb6 Re1+ 49.Kh2 Ke5 50.Nc2 Rc1 51.Ne3 Nd3
52.Kg3 Nf4 53.Rb4 Nxg2 54.Kxg2 Bf5 55.Nxg4+ Kxd5 56.Ne3+ Kc5 57.Ra4 Bd3 58.Kf3 Rb1
59.Ra3 Bb5 60.Nc2 d5 61.Ke3 Rd1 62.Rc3+ Bc4 63.Ra3 g5 64.f3 Rc1 65.Kd2 Rf1
66.Ke3 Rc1 67.Ra5+ Kd6 68.Na3 Rd1 69.Nc2 Bd3 70.Nd4 Bc4 71.Ra3 Re1+ 72.Kd2 Re8
73.Re3 Ra8 74.Kc3  1/2-1/2

[Event "Hastings7879"]
[Site "Hastings"]
[Date "1978.??.??"]
[Round "8"]
[White "Hartston, William R"]
[Black "Kochyev, Alexander"]
[Result "1/2-1/2"]
[WhiteElo "2475"]
[BlackElo "2555"]

1.d4 Nf6 2.c4 g6 3.Nc3 Bg7 4.Nf3 O-O 5.Bg5 d6 6.e3 Bf5 7.Be2 c5 8.O-O Nc6
9.d5 Nb4 10.a3 Na6 11.Bd3 Bxd3 12.Qxd3 h6  1/2-1/2

[Event "Hastings7879"]
[Site "Hastings"]
[Date "1978.??.??"]
[Round "8"]
[White "Balshan, Amikam"]
[Black "Botterill, George Steven"]
[Result "0-1"]
[WhiteElo "2415"]
[BlackElo "2400"]

1.e4 e6 2.d4 d5 3.Nd2 c5 4.exd5 exd5 5.Qe2+ Be7 6.dxc5 Nf6 7.Nb3 O-O 8.Be3 Re8
9.O-O-O a5 10.Qb5 Bd7 11.Qxb7 Nc6 12.Nd4 Nb4 13.Kb1 Bxc5 14.Nb3 Bxe3 15.fxe3 Rb8
16.Qa7 Ne4 17.Bd3 Nc6 18.Qa6 Rb6 19.Qxb6 Qxb6 20.Bxe4 Rxe4 21.Rxd5 Be6 22.Rd1 a4
23.Nc1 h6 24.Nf3 Rxe3 25.Rd2 Na5 26.Rhd1 Nc4 27.Rd8+ Kh7 28.b3 Bf5 29.R8d5 axb3  0-1

[Event "Hastings7879"]
[Site "Hastings"]
[Date "1978.??.??"]
[Round "8"]
[White "Vasiukov, Evgeni"]
[Black "Taulbut, Shaun M"]
[Result "1/2-1/2"]
[WhiteElo "2555"]
[BlackElo "2405"]

1.e4 g6 2.d4 d6 3.Nc3 Bg7 4.Bg5 c6 5.Qd2 b5 6.f3 Nd7 7.Nh3 Bb7 8.Be2 Ngf6
9.a4 a6 10.O-O O-O 11.Nf2 e5 12.dxe5 dxe5 13.Rfd1 Re8 14.Ng4 h5 15.Nxf6+ Bxf6
16.Be3 Nf8 17.Qxd8 Rexd8  1/2-1/2

[Event "Hastings7879"]
[Site "Hastings"]
[Date "1978.??.??"]
[Round "9"]
[White "Botterill, George Steven"]
[Black "Csom, Istvan"]
[Result "0-1"]
[WhiteElo "2400"]
[BlackElo "2510"]

1.d4 d5 2.c4 e6 3.Nc3 Be7 4.Nf3 Nf6 5.Bg5 O-O 6.cxd5 exd5 7.e3 c6 8.Bd3 Nbd7
9.Qc2 Re8 10.O-O-O Nf8 11.h3 b5 12.Ne5 Bb7 13.Kb1 Qb6 14.g4 a6 15.Rhg1 c5
16.Bf5 Rad8 17.dxc5 Bxc5 18.Nf3 Be7 19.Nd4 g6 20.Bd3 N8d7 21.f4 Rc8 22.Qg2 Bf8
23.Rge1 Bg7 24.Bc2 Nc5 25.Bxf6 Qxf6 26.Nxd5 Qh4 27.Nf3 Qd8 28.e4 Bxd5 29.Rxd5 Qf6
30.Ne5 Qxf4 31.Rf1 Qe3 32.Nxf7 Ne6 33.Rd3 Qc5 34.Nd6 Qe5 35.Bb3 Rf8 36.Rxf8+ Rxf8
37.Nf5 Kh8 38.Bxe6 gxf5 39.gxf5 b4 40.Rd2 a5 41.Rd7 a4 42.Qxg7+ Qxg7 43.Rxg7 Kxg7
44.e5 Kh6 45.Kc2 Kg5 46.Bd7 Rd8 47.e6 Kf6 48.Bxa4 Rd4 49.Bd7 Rh4 50.Kb3 h5
51.a4 bxa3 52.bxa3 Rxh3+ 53.Kb4 Rh1 54.a4 h4 55.a5 Rb1+ 56.Ka4 Rc1 57.e7  0-1

[Event "Hastings7879"]
[Site "Hastings"]
[Date "1978.??.??"]
[Round "9"]
[White "Kochyev, Alexander"]
[Black "Vasiukov, Evgeni"]
[Result "1/2-1/2"]
[WhiteElo "2555"]
[BlackElo "2555"]

1.e4 e5 2.Nf3 Nf6 3.Nxe5 d6 4.Nf3 Nxe4 5.Qe2 Qe7 6.Nc3 Nxc3 7.dxc3 Qxe2+
8.Bxe2 Be7 9.Bf4 Nc6 10.O-O-O O-O 11.Rhe1 Bd7 12.Nd4 Nxd4  1/2-1/2

[Event "Hastings7879"]
[Site "Hastings"]
[Date "1978.??.??"]
[Round "9"]
[White "Andersson, Ulf"]
[Black "Balshan, Amikam"]
[Result "1-0"]
[WhiteElo "2545"]
[BlackElo "2415"]

1.Nf3 Nf6 2.c4 c5 3.g3 d5 4.cxd5 Nxd5 5.Bg2 Nc6 6.d4 e6 7.O-O Nf6 8.dxc5 Qxd1
9.Rxd1 Bxc5 10.Nc3 O-O 11.Ng5 h6 12.Nge4 Nxe4 13.Nxe4 Bb6 14.b3 f5 15.Nd6 Rd8
16.Bb2 Bc5 17.Nc4 Bd7 18.Rac1 Be8 19.Rxd8 Rxd8 20.Kf1 Bf8 21.h4 g5 22.hxg5 hxg5
23.Bf6 Rd7 24.Bxg5 Bg7 25.Bxc6 bxc6 26.Bf4 Rd5 27.Be3 a6 28.f3 Bf6 29.Nb6 Rd8
30.Na4 Be7 31.Kf2 e5 32.Nb6 Bf8 33.Bg5 Rd6 34.Nc4 Rd5 35.Be3 Be7 36.Rh1 Kg7
37.Bh6+ Kg6 38.Bc1 Kg7 39.Bb2 Bf6 40.Ne3 Rd2 41.Nxf5+ Kg6 42.Bc1 Rxa2 43.g4 Bg5
44.Rd1 Bxc1 45.Rxc1 Kf6 46.Nd6 Bd7 47.Ne4+ Ke7 48.Rc5 Ke6 49.Ke3 Be8 50.Rc3 a5
51.Kf2 Ke7 52.Rc5 Ke6 53.Rc1 Ke7 54.Ke3 Ra3 55.Rc3 Bf7 56.Nc5 Bd5 57.Kd3 Ra2
58.Ne4 a4 59.bxa4 Rxa4 60.Ng3 Kd7 61.Nf5 Ra5 62.e4 Be6 63.Ke3 c5 64.f4 exf4+
65.Kxf4 c4 66.g5 Ra1 67.Rg3 Ra5 68.g6 Rc5 69.Rc3 Rb5 70.Rh3 Rb1 71.Ke5 Bg8
72.g7 Rg1 73.Kf6 Re1 74.Ke5 Rg1 75.Ra3 Bh7 76.Kf6 Bg8 77.Ra7+ Kc6 78.Ra8 Bh7
79.Rh8 c3 80.Rxh7  1-0

[Event "Hastings7879"]
[Site "Hastings"]
[Date "1978.??.??"]
[Round "9"]
[White "Lein, Anatoly"]
[Black "Biyiasas, Peter"]
[Result "0-1"]
[WhiteElo "2505"]
[BlackElo "2450"]

1.d4 Nf6 2.Nf3 g6 3.Bg5 Bg7 4.Nbd2 d5 5.e3 O-O 6.c3 Nbd7 7.Be2 Re8 8.Qb3 c6
9.O-O e5 10.Rfd1 e4 11.Ne1 h6 12.Bh4 g5 13.Bg3 Nf8 14.c4 Ng6 15.Nc2 h5 16.h3 h4
17.Bh2 g4 18.cxd5 cxd5 19.hxg4 Nxg4 20.Bxg4 Bxg4 21.Rdc1 Re7 22.Nb4 Rd7 23.Rc5 a5
24.Rxd5 Be6 25.Rxd7 Qxd7 26.d5 axb4 27.dxe6 Qxd2 28.exf7+ Kh7 29.Rd1 Qxb2
30.Qxb2 Bxb2 31.Rd7 Nf8 32.Rxb7 Rd8 33.Bf4 Bc3 34.Kh2 Rd7 35.Rxd7 Nxd7 36.Kh3 Kg7
37.Kg4 Kxf7 38.Kf5 Be1 39.Kxe4 Bxf2 40.Kd3 Be1 41.Ke2 Bc3  0-1

[Event "Hastings7879"]
[Site "Hastings"]
[Date "1978.??.??"]
[Round "10"]
[White "Biyiasas, Peter"]
[Black "Suba, Mihai"]
[Result "1/2-1/2"]
[WhiteElo "2450"]
[BlackElo "2430"]

1.Nf3 c5 2.g3 b6 3.Bg2 Bb7 4.O-O Nf6 5.d3 d5 6.Nbd2 g6 7.e4 dxe4 8.dxe4 Qc8
9.e5 Nh5 10.Re1 Ng7 11.Ne4 h6 12.b4 cxb4 13.Bb2 Ne6 14.Nd4 Na6 15.Nxe6 fxe6
16.Qg4 Kf7 17.Re3 Rh7 18.Rae1 Nc5 19.Nxc5 bxc5 20.Bxb7 Qxb7 21.Rf3+ Kg7 22.Rd3 Qc6
23.Qc4 Kg8 24.Qg4 Rg7 25.Red1 c4 26.Rd4 Rc8 27.h4 Kh7 28.Bc1 Rf7 29.Qe4 Bg7
30.Be3 a5 31.f4 Qxe4 32.Rxe4 g5 33.hxg5 hxg5 34.Rd7 gxf4 35.gxf4 Kg6 36.Ra7 Kf5
37.Rd4 Bh6 38.Rxa5 Rg7+ 39.Kf2 b3 40.axb3 cxb3 41.cxb3 Rg4 42.Raa4 Rc3 43.Rac4  1/2-1/2

[Event "Hastings7879"]
[Site "Hastings"]
[Date "1978.??.??"]
[Round "10"]
[White "Csom, Istvan"]
[Black "Andersson, Ulf"]
[Result "1/2-1/2"]
[WhiteElo "2510"]
[BlackElo "2545"]

1.e4 e6 2.d4 d5 3.exd5 exd5 4.Bd3 Bd6 5.Ne2 Ne7 6.O-O Bf5 7.Bf4 O-O 8.c3 Bxd3
9.Qxd3 Bxf4 10.Nxf4 Qd6 11.Qf3 Nd7 12.Nd2 Rfe8 13.Rfe1 c6 14.Nd3 Ng6 15.g3 Kf8
16.Rxe8+ Rxe8 17.Re1 Rxe1+ 18.Nxe1 Qf6 19.Qxf6 Nxf6 20.f3  1/2-1/2

[Event "Hastings7879"]
[Site "Hastings"]
[Date "1978.??.??"]
[Round "10"]
[White "Hartston, William R"]
[Black "Peters, John A"]
[Result "1-0"]
[WhiteElo "2475"]
[BlackElo "2430"]

1.Nf3 Nf6 2.g3 b5 3.Bg2 Bb7 4.d3 g6 5.c3 c5 6.a4 a6 7.axb5 axb5 8.Rxa8 Bxa8
9.Qb3 Qb6 10.Na3 Bc6 11.O-O Qb7 12.Be3 Na6 13.Ra1 Ng4 14.Nxb5 Qxb5 15.Qxb5 Bxb5
16.c4 Bc6 17.Rxa6 Nxe3 18.fxe3 Bh6 19.Kf2 Bxf3 20.Bxf3 O-O 21.Ra7 Rb8 22.Rxd7 e6
23.Bb7 Bg7 24.b3 Bc3 25.Kf3 f5 26.d4 Bb4 27.Rc7 cxd4 28.exd4 Bc3 29.e3 g5
30.c5 g4+ 31.Ke2 e5 32.d5  1-0

[Event "Hastings7879"]
[Site "Hastings"]
[Date "1978.??.??"]
[Round "11"]
[White "Andersson, Ulf"]
[Black "Christiansen, Larry Mark"]
[Result "1-0"]
[WhiteElo "2545"]
[BlackElo "2490"]

1.Nf3 Nf6 2.c4 g6 3.Nc3 Bg7 4.e4 c5 5.d4 O-O 6.Be2 cxd4 7.Nxd4 Nc6 8.Be3 d6
9.O-O Bd7 10.Rc1 Nxd4 11.Bxd4 Bc6 12.f3 a5 13.b3 Nd7 14.Bxg7 Kxg7 15.Qd4+ Kg8
16.Rfd1 Nc5 17.e5 Qb6 18.exd6 exd6 19.Rb1 Qb4 20.Bf1 Rad8 21.Qd2 Rfe8 22.Rb2 Qb6
23.Qf2 Qb4 24.Nb1 Ne6 25.a3 Qc5 26.b4 axb4 27.axb4 Qe5 28.Re2 Qa1 29.Ra2 Qe5
30.Ra5 d5 31.cxd5 Rxd5 32.Rdxd5 Bxd5 33.Qd2 b5 34.Rxb5 Nd4 35.f4 Ne2+ 36.Bxe2 Qxe2
37.Rxd5 Qe1+ 38.Qxe1 Rxe1+ 39.Kf2 Rxb1 40.b5 h5 41.Ke3 Rb2 42.Kd4 Rxg2 43.b6 Rb2
44.Kc5 Rc2+ 45.Kb5 Rxh2 46.Rd4 Re2 47.b7 Re8 48.Rc4 Kg7 49.Rc8 Re1 50.b8=Q Rb1+
51.Kc4  1-0

[Event "Hastings7879"]
[Site "Hastings"]
[Date "1978.??.??"]
[Round "11"]
[White "Lein, Anatoly"]
[Black "Hartston, William R"]
[Result "1/2-1/2"]
[WhiteElo "2505"]
[BlackElo "2475"]

1.c4 g6 2.Nc3 c5 3.g3 Bg7 4.Bg2 Nc6 5.d3 e6 6.e4 Nge7 7.Nge2 d6 8.O-O O-O
9.Rb1 b6 10.a3 Bb7 11.b4 Qd7 12.Qa4 Rfd8 13.Rd1 Nd4 14.Qxd7 Nxe2+ 15.Nxe2 Rxd7
16.Be3 Rc8 17.Rdc1 Nc6 18.f4 f5 19.exf5 gxf5 20.Kf2 Kf7 21.Bf3 Nd4 22.Bxb7 Rxb7
23.bxc5 Nxe2 24.Kxe2 dxc5 25.a4 h5 26.a5 Rc6 27.Rb3 Rd7 28.axb6 axb6 29.Rcb1 Rdd6
30.Ra3 Ke8 31.Rbb3 Bf6 32.Ra8+ Rd8 33.Ra6 Rdd6 34.Rba3 Rc7 35.Rb3 Rcc6 36.Bc1 h4
37.gxh4 Bxh4 38.Bb2 Bd8 39.Ra8 e5 40.Bxe5 Rh6 41.Kd2 Rxh2+ 42.Kc3 Rh7 43.Rb1 Rd7
44.Rh1 Rg6 45.Rh3 Kf7 46.Rb8 Rg1 47.Rc8 Rg6 48.Kc2 Ke7 49.Kb3 Kf7 50.Rb8 Ke7
51.Ra8 Rg1 52.Ra2 Rb1+ 53.Kc3 Rc1+ 54.Kd2 Rg1 55.Ra6 Kf7 56.Kc2 Ke7 57.Ra8 Kf7
58.Rc8 Rg6 59.Kc3 Ke7 60.Ra8 Kf7 61.Ra1 Bf6 62.Bxf6 Kxf6 63.Ra8 Ke7 64.Rb8 Rgd6
65.Kc2 Kf7 66.Rbh8 Rg6 67.R8h5 Kf6 68.Kb3 Rd4 69.Rf3 Rg4 70.Rh6+ Rg6 71.Rh8 Kg7
72.Rh5 Rgd6 73.Rhh3 Rh6 74.Rhg3+ Rg6 75.Ka4 Rxg3 76.Rxg3+ Kf6 77.Kb5 Rd6
78.Ka6 Ke7  1/2-1/2

[Event "Hastings7879"]
[Site "Hastings"]
[Date "1978.??.??"]
[Round "11"]
[White "Peters, John A"]
[Black "Vasiukov, Evgeni"]
[Result "0-1"]
[WhiteElo "2430"]
[BlackElo "2555"]

1.e4 c5 2.Nf3 Nc6 3.d4 cxd4 4.Nxd4 Qc7 5.Nb5 Qb8 6.c4 Nf6 7.N5c3 b6 8.Be2 Bb7
9.O-O e6 10.Be3 Bc5 11.Bxc5 bxc5 12.f4 d6 13.Nd2 O-O 14.Nf3 Rd8 15.Bd3 Nd4
16.Qe1 Bc6 17.Ng5 h6 18.e5 Nd7 19.Bh7+ Kf8 20.Nge4 dxe5 21.fxe5 Qxe5 22.Qf2 f5
23.Rae1 Nf6 24.Ng3 Qd6 25.Bg6 Kg8 26.h3 Rab8 27.Rd1 Rxb2 28.Qxb2 Qxg3 29.Bxf5 exf5
30.Rxf5 Rb8  0-1

[Event "Hastings7879"]
[Site "Hastings"]
[Date "1978.??.??"]
[Round "11"]
[White "Botterill, George Steven"]
[Black "Biyiasas, Peter"]
[Result "1/2-1/2"]
[WhiteElo "2400"]
[BlackElo "2450"]

1.d4 Nf6 2.c4 g6 3.Nf3 Bg7 4.g3 O-O 5.Bg2 d6 6.Nc3 Nbd7 7.O-O e5 8.e4 c6
9.h3 Qb6 10.Re1 Re8 11.d5 c5 12.Rb1 a6 13.a3 Qc7 14.Be3 Rf8 15.Nd2 Ne8 16.Qc2 b6
17.b4 Kh8 18.bxc5 bxc5 19.Nb3 Ndf6 20.Na4 Nh5 21.Bd2 Rb8 22.Na5 Rxb1 23.Rxb1 f5
24.Nc6 Nef6 25.Rb8 Qf7 26.Nb6 Nd7 27.Rxc8 Nxb6 28.Rxf8+ Qxf8 29.exf5 gxf5
30.Qb3 Nd7 31.Qb7 Ndf6 32.Qxa6 Ne4 33.Bxe4 fxe4 34.Qb7 Qf3 35.Qc8+ Bf8 36.Bh6 e3
37.Bxe3 Nxg3 38.fxg3 Qxe3+ 39.Kg2 Qe2+ 40.Kg1 Qe1+ 41.Kg2 Qe2+  1/2-1/2

[Event "Hastings7879"]
[Site "Hastings"]
[Date "1978.??.??"]
[Round "11"]
[White "Suba, Mihai"]
[Black "Mestel, A Jonathan"]
[Result "0-1"]
[WhiteElo "2430"]
[BlackElo "2450"]

1.c4 e6 2.Nf3 d5 3.d4 c6 4.Nbd2 f5 5.g3 Nf6 6.Bg2 Nbd7 7.O-O Bd6 8.b3 O-O
9.Bb2 Ne4 10.e3 a5 11.a3 b5 12.Qc2 a4 13.cxb5 cxb5 14.b4 Nb6 15.Ne1 Nc4 16.Bc1 Bd7
17.Nd3 Qf6 18.Ra2 g5 19.Nc5 Bc6 20.Nxc4 bxc4 21.f3 Nxg3 22.hxg3 Bxg3 23.Rd1 Ra7
24.Qc3 Rg7 25.Bd2 h5 26.Be1 Bc7 27.Rb2 Bb5 28.e4 g4 29.exd5 exd5 30.Re2 Qd6
31.Re5 Qg6 32.f4 Bxe5 33.Bxd5+ Kh7 34.dxe5 Rd8 35.Bh4 Rxd5 36.Rxd5 Qc6 37.Rd6 Qf3
38.Qxf3 gxf3+ 39.Bg5 h4 40.Kf2 c3 41.Rh6+ Kg8 42.Rxh4 Rh7 43.Bh6 c2 44.Rh1 Rxh6
45.Rg1+ Kf7 46.Kxf3 Rh3+ 47.Kf2 Rxa3 48.Rc1 Rh3 49.Nb7 Ke6 50.Nd6 Bc6 51.Ke2 a3
52.Kd2 Ba4 53.Nc4 a2 54.Ne3 Rf3 55.b5 Rxf4 56.b6 Rb4 57.Ra1 Rb1 58.Nxc2 Bxc2
59.b7 Be4  0-1

[Event "Hastings7879"]
[Site "Hastings"]
[Date "1978.??.??"]
[Round "12"]
[White "Taulbut, Shaun M"]
[Black "Peters, John A"]
[Result "1-0"]
[WhiteElo "2405"]
[BlackElo "2430"]

1.e4 d5 2.exd5 Nf6 3.d4 Nxd5 4.Nf3 Bg4 5.Be2 Nc6 6.O-O e6 7.c4 Nb6 8.Nc3 Bb4
9.d5 Ne7 10.dxe6 Bxe6 11.Qb3 Nc6 12.Rd1 Qc8 13.Nd5 Bd6 14.Qc3 O-O 15.b3 f6
16.Ne3 Nd7 17.Bb2 a5 18.a3 Nc5 19.Nd5 Qe8 20.Re1 Qf7 21.Rad1 Rad8 22.Qc2 Qg6
23.Qxg6 hxg6 24.b4 Na4 25.Bd4 axb4 26.axb4 Nxb4 27.Ra1 Nxd5 28.cxd5 Bd7 29.Bd3 g5
30.Reb1 b6 31.h4 g4 32.Nd2 Nc5 33.Bg6 Ra8 34.Nc4 Rxa1 35.Bxa1 Be7 36.Re1 Ra8
37.Rxe7 Rxa1+ 38.Kh2 b5 39.Nd2 Ra8 40.Nb3 Nxb3 41.Rxd7 Rc8 42.d6 c5  1-0

[Event "Hastings7879"]
[Site "Hastings"]
[Date "1978.??.??"]
[Round "12"]
[White "Biyiasas, Peter"]
[Black "Andersson, Ulf"]
[Result "0-1"]
[WhiteElo "2450"]
[BlackElo "2545"]

1.Nf3 Nf6 2.g3 g6 3.Bg2 Bg7 4.O-O O-O 5.c4 c6 6.Nc3 d5 7.cxd5 cxd5 8.d4 Ne4
9.Be3 Nxc3 10.bxc3 Nc6 11.Qc1 Bg4 12.Bh6 Rc8 13.Bxg7 Kxg7 14.Qf4 Bxf3 15.Qxf3 e6
16.Rfd1 Qf6 17.Qe3 Rc7 18.Rd3 Rfc8 19.g4 Na5 20.Qg3 Qe7 21.Rf1 Nc4 22.f4 Qd6
23.e4 dxe4 24.Bxe4 Nb2 25.Rdf3 Na4 26.Rc1 b5 27.Rd3 b4 28.c4 Rxc4 29.Rxc4 Rxc4
30.Qe3 Nb2  0-1

[Event "Hastings7879"]
[Site "Hastings"]
[Date "1978.??.??"]
[Round "12"]
[White "Vasiukov, Evgeni"]
[Black "Lein, Anatoly"]
[Result "1/2-1/2"]
[WhiteElo "2555"]
[BlackElo "2505"]

1.e4 c6 2.d3 d5 3.Nd2 Nf6 4.Ngf3 Bg4 5.h3 Bxf3 6.Qxf3 e6 7.g3 a5 8.Bg2 a4
9.O-O a3 10.c4 Bb4 11.Rd1 O-O 12.Qe2 Nbd7 13.Nf3 Qa5 14.e5 axb2 15.Bxb2 Ne8
16.cxd5 cxd5 17.Rdc1 Nc7 18.Qc2 Rfc8 19.d4 h6 20.Bf1 Nb6 21.a3 Be7 22.Bc3 Qa7
23.Qb3 Nc4 24.a4 Bd8 25.Kg2 Rab8 26.Be1 Na5 27.Bxa5 Qxa5 28.Ra2 Qa8 29.Rb2 h5
30.h4 g6 31.Bd3 b6 32.Rbc2 Ne8 33.Qb5 Kf8 34.Qb4+ Be7 35.Qb3 Rxc2 36.Rxc2 Qa5
37.Bb5 Qb4 38.Qd3 Ng7 39.Rc7 Nf5 40.Rc6 Kg8 41.Rc7 Qb2 42.Rc2 Qb4 43.Rc3 Bd8
44.Rb3 Qe7 45.Qc2 Rb7 46.Bd3 Ng7 47.Ng5 Qd7 48.Bb5 Qe7 49.Qb2 Qc7 50.Nf3 Ra7
51.Rc3 Qb8 52.Rb3 Qc8 53.Rc3 Rc7 54.Rxc7 Qxc7 55.Bd3 Be7 56.Qb3 Kf8 57.Ng1 Kg8
58.Ne2 Bd8  1/2-1/2

[Event "Hastings7879"]
[Site "Hastings"]
[Date "1978.??.??"]
[Round "12"]
[White "Mestel, A Jonathan"]
[Black "Botterill, George Steven"]
[Result "1-0"]
[WhiteElo "2450"]
[BlackElo "2400"]

1.g3 Nf6 2.Bg2 d5 3.Nf3 e6 4.b3 Be7 5.c4 O-O 6.Bb2 c5 7.O-O Nc6 8.e3 b6 9.Qe2 Bb7
10.d3 Qc7 11.Nbd2 Rad8 12.a3 Rfe8 13.Rac1 Qb8 14.Rc2 e5 15.cxd5 Nxd5 16.Rfc1 Bf8
17.Nc4 g6 18.h4 Bg7 19.h5 Nf6 20.hxg6 hxg6 21.Nfxe5 Nxe5 22.Bxe5 Rxe5 23.Bxb7 Re7
24.Bf3 Red7 25.Nb2 Nh7 26.Rd1 Ng5 27.Bg2 Qd6 28.Qg4 Ne6 29.b4 Qe7 30.bxc5 bxc5
31.Qc4 Rb8 32.Na4 Qd6 33.Bh3 Rdb7 34.Bxe6 fxe6 35.Nxc5 Rb1 36.Rxb1 Rxb1+
37.Rc1 Rxc1+ 38.Qxc1 Bf8 39.d4 Qd5 40.Qc2 Kh7 41.a4 e5 42.Qe4 Qd6 43.Qb7+ Bg7
44.Ne4 Qa3 45.Nf6+ Kh6 46.Qh1+ Kg5 47.Qh4+ Kf5 48.d5 g5 49.Qg4+ Kg6 50.Ne4 Qxa4
51.Qe6+ Kh5 52.Qf5 Kh6 53.d6  1-0

[Event "Hastings7879"]
[Site "Hastings"]
[Date "1978.??.??"]
[Round "12"]
[White "Hartston, William R"]
[Black "Suba, Mihai"]
[Result "0-1"]
[WhiteElo "2475"]
[BlackElo "2430"]

1.d4 Nf6 2.c4 e6 3.Nc3 Bb4 4.Bg5 h6 5.Bh4 c5 6.d5 d6 7.e3 Bxc3+ 8.bxc3 e5
9.f3 Qa5 10.Qd2 Nbd7 11.Bd3 Nb6 12.Nh3 g5 13.Bg3 Bxh3 14.gxh3 O-O-O 15.a4 h5
16.h4 Rdg8 17.hxg5 h4 18.Bf2 Rxg5 19.Rg1 Rxg1+ 20.Bxg1 e4 21.Be2 exf3 22.Bxf3 Nxc4
23.Qe2 Ne5 24.Bh1 c4 25.Rd1 Nfd7 26.Kf1 Nc5 27.Ra1 Ncd3 28.Be4 Qd8 29.Bf5+ Kb8
30.e4 Qg5 31.Qg2 Qf4+ 32.Ke2 Qh6 33.Rf1 Nf4+ 34.Rxf4 Qxf4 35.Be3 h3 36.Qf2 Qxf2+
37.Kxf2 a5 38.Bb6 Nd3+ 39.Kg3 Nc5 40.Bxa5 Nxa4 41.Bxh3 b6 42.Bb4 Nc5 43.Bf5 Kc7
44.Ba3 Nd3 45.e5 Rg8+ 46.Kh4 Nxe5 47.Bc1 Nf3+ 48.Kh3 Ng1+ 49.Kh4 Rh8+ 50.Kg5 Rxh2
51.Kf6 Ne2 52.Bd2 Rf2  0-1

[Event "Hastings7879"]
[Site "Hastings"]
[Date "1978.??.??"]
[Round "13"]
[White "Suba, Mihai"]
[Black "Vasiukov, Evgeni"]
[Result "0-1"]
[WhiteElo "2430"]
[BlackElo "2555"]

1.c4 Nf6 2.Nc3 g6 3.e4 d6 4.d4 Bg7 5.f3 O-O 6.Be3 a6 7.Qd2 c6 8.O-O-O b5
9.g4 bxc4 10.Bh6 Nbd7 11.h4 e5 12.Bxg7 Kxg7 13.Bxc4 h5 14.g5 Ne8 15.f4 Nb6
16.Be2 exf4 17.Qxf4 Nc7 18.Nf3 Bg4 19.e5 Nbd5 20.Qd2 Nxc3 21.Qxc3 Nd5 22.Qd2 Re8
23.exd6 Re3 24.Rdf1 Qxd6 25.Bd1 Bxf3 26.Rxf3 Rxf3 27.Bxf3 Re8 28.a3 Qg3 29.Bd1 Re4
30.Ba4 Qg4 31.Rd1 Re2 32.Qa5 Qf4+ 33.Kb1 Qf2 34.Kc1 Ne3 35.Rd3 Rc2+ 36.Kb1 Rxb2+
37.Kc1 Rc2+  0-1

[Event "Hastings7879"]
[Site "Hastings"]
[Date "1978.??.??"]
[Round "13"]
[White "Andersson, Ulf"]
[Black "Mestel, A Jonathan"]
[Result "1/2-1/2"]
[WhiteElo "2545"]
[BlackElo "2450"]

1.Nf3 Nf6 2.c4 g6 3.Nc3 d5 4.cxd5 Nxd5 5.e4 Nxc3 6.dxc3 Qxd1+ 7.Kxd1 f6 8.Be3 e5
9.Nd2 Be6 10.Bc4 Bxc4 11.Nxc4 Nd7 12.b4 h5 13.f3 Bh6 14.Bf2 Nb6 15.Bxb6 axb6
16.b5 Ke7 17.a4 Rhd8+ 18.Kc2 Ke6 19.Kb3 h4 20.h3 Bf8 21.Ra2 Bc5 22.Rha1 c6
23.Rb1 Rac8 24.Rd2 Rxd2 25.Nxd2 Rh8 26.Nc4 Kd7 27.Rd1+ Kc7 28.Rf1 Kd7 29.Nb2 Ke6
30.Rd1 Be7 31.Nc4 Bc5 32.a5 bxa5 33.bxc6 a4+ 34.Kxa4 bxc6 35.Kb3 Rb8+ 36.Kc2 Ra8
37.Rb1 Ra2+ 38.Rb2 Ra1 39.Kd3 Rd1+ 40.Nd2 Ba3  1/2-1/2

[Event "Hastings7879"]
[Site "Hastings"]
[Date "1978.??.??"]
[Round "13"]
[White "Peters, John A"]
[Black "Kochyev, Alexander"]
[Result "1/2-1/2"]
[WhiteElo "2430"]
[BlackElo "2555"]

1.e4 e5 2.Nf3 Nf6 3.Nxe5 d6 4.Nf3 Nxe4 5.d4 d5 6.Bd3 Bd6 7.O-O O-O 8.c4 c6
9.Nc3 Nxc3 10.bxc3 Bg4 11.Be2 dxc4 12.Bxc4 Nd7 13.Qd3 Bh5 14.Ng5 Nf6 15.f4 h6
16.Nf3 Nd5 17.Ne5 f6 18.Nf3 Kh8 19.Qf5 Bf7 20.Bd3 Bg8 21.Nh4 Ne7 22.Qh5 f5
23.Bd2 Qe8 24.Qe2 c5 25.dxc5 Bxc5+ 26.Be3 Qc6 27.Bxc5 Qxc5+ 28.Kh1 Rf6 29.c4 Rd8
30.Rfe1 Ng6 31.Nxg6+ Rxg6 32.Qc2 Rgd6 33.Bxf5 Rd2 34.Qb1 Bxc4 35.Be4 Bd5
36.a3 b5 37.h3 a5 38.Bxd5 Qxd5 39.Qg6 Qd6 40.Re8+ Rxe8 41.Qxe8+ Kh7 42.Qxb5 Qd5
43.Qb1+ Qd3 44.Qb7  1/2-1/2

[Event "Hastings7879"]
[Site "Hastings"]
[Date "1978.??.??"]
[Round "13"]
[White "Balshan, Amikam"]
[Black "Biyiasas, Peter"]
[Result "1-0"]
[WhiteElo "2415"]
[BlackElo "2450"]

1.e4 e5 2.Nf3 Nc6 3.Bb5 a6 4.Ba4 d6 5.c3 Bd7 6.d4 Nf6 7.O-O Qe7 8.Nbd2 g6
9.Re1 Bg7 10.Nf1 O-O 11.Ng3 Rae8 12.h3 Kh8 13.Bd2 Ng8 14.d5 Nd8 15.Bxd7 Qxd7
16.c4 f5 17.exf5 gxf5 18.Bc3 f4 19.Ne4 Nf6 20.Qd3 Nxe4 21.Qxe4 Rf6 22.Bxe5 Kg8
23.Bxf6 Rxe4 24.Rxe4 Bxf6 25.Rxf4 Bxb2 26.Re1 Nf7 27.Rb1 Bg7 28.Rxb7 Qc8
29.Rb3 Ne5 30.Nd4 Ng6 31.Nc6 Qd7 32.Rb8+ Bf8 33.Rf3 Qg7 34.Kh2 h6 35.Rbxf8+  1-0

[Event "Hastings7879"]
[Site "Hastings"]
[Date "1978.??.??"]
[Round "13"]
[White "Lein, Anatoly"]
[Black "Taulbut, Shaun M"]
[Result "1/2-1/2"]
[WhiteElo "2505"]
[BlackElo "2405"]

1.e4 g6 2.d4 d6 3.Nc3 Bg7 4.Nf3 Nf6 5.Be2 O-O 6.O-O Bg4 7.Be3 Nc6 8.Qd2 e5
9.dxe5 dxe5 10.Rad1 Qc8 11.Qc1 Rd8 12.Rxd8+ Qxd8 13.Rd1 Qf8 14.h3 Bxf3 15.Bxf3 Rd8
16.Nd5 Nxd5 17.Rxd5 Rxd5 18.exd5 Nd4 19.Bd1 Nf5 20.c3 b6 21.Bb3 Nxe3 22.Qxe3 Qd6
23.g4 Qf6 24.Kg2 Bf8 25.a4 Kg7 26.Bc2 a5 27.g5 Qf4 28.Qxf4 exf4 29.Kf3 Bc5  1/2-1/2

[Event "Hastings7879"]
[Site "Hastings"]
[Date "1978.??.??"]
[Round "13"]
[White "Botterill, George Steven"]
[Black "Hartston, William R"]
[Result "1/2-1/2"]
[WhiteElo "2400"]
[BlackElo "2475"]

1.d4 c5 2.c3 Nf6 3.Nf3 b6 4.dxc5 bxc5 5.e4 e6 6.e5 Nd5 7.c4 Nb4 8.a3 N4c6
9.Nc3 Be7 10.Bd3 Bb7 11.h4 Nd4 12.Nxd4 cxd4 13.Nb5 a6 14.Nd6+ Bxd6 15.exd6 O-O
16.Bg5 Qa5+ 17.Kf1 Nc6 18.f4 Qc5 19.b4 Qxd6 20.c5 Qd5 21.Qc2 f5 22.Rd1 h6
23.Bc4 d3 24.Qc3  1/2-1/2

[Event "Hastings7879"]
[Site "Hastings"]
[Date "1978.??.??"]
[Round "14"]
[White "Vasiukov, Evgeni"]
[Black "Botterill, George Steven"]
[Result "1/2-1/2"]
[WhiteElo "2555"]
[BlackElo "2400"]

1.e4 e6 2.d4 d5 3.Nd2 c5 4.exd5 exd5 5.Bb5+ Nc6 6.Qe2+ Be7 7.dxc5 Nf6 8.Nb3 O-O
9.Be3 Re8 10.O-O-O a5 11.a4 Bd7 12.Nf3 Na7 13.c4 Nxb5 14.cxb5 Bxc5 15.Nxc5 Rc8
16.Kb1 Rxc5 17.Qd3 Rc4 18.Nd4 Rxa4 19.f3 Rc4 20.b3 Rc8 21.Rc1 Qe7 22.Rxc8 Rxc8
23.Rc1 Rxc1+ 24.Bxc1 Qe5 25.h3 Ne8 26.Bd2 Nc7 27.Ka2 Ne6 28.Nxe6 Bxe6 29.Bxa5 Bf5
30.Qd2 d4 31.Bc3 h6  1/2-1/2

[Event "Hastings7879"]
[Site "Hastings"]
[Date "1978.??.??"]
[Round "14"]
[White "Taulbut, Shaun M"]
[Black "Suba, Mihai"]
[Result "1/2-1/2"]
[WhiteElo "2405"]
[BlackElo "2430"]

1.e4 c5 2.Nf3 e6 3.d4 cxd4 4.Nxd4 Nf6 5.Nc3 d6 6.g3 Nc6 7.Bg2 Bd7 8.O-O Be7
9.Re1 O-O 10.Nxc6 Bxc6 11.a4 Qc7 12.Nb5 Qb8 13.c4 Rd8 14.Bf4 a6 15.Nd4 e5
16.Nf5 Qc7 17.Be3 a5 18.Qb3 Re8 19.Bg5 h6 20.Bh4 Bd8 21.Bxf6 Bxf6 22.Qf3 Kh7
23.b3 Bd8 24.Rad1 Re6 25.Qd3 g6 26.Ne3 Qb6 27.Bh3 Re8 28.Nd5 Qc5 29.Qe3 Qxe3
30.Rxe3 Kg7 31.Red3 h5 32.Nc3 Bb6 33.Rxd6 Bd4 34.Nb5 Bxe4 35.Nc7 Red8 36.R6xd4 exd4
37.Nxa8 Rxa8 38.Rxd4 Bc2 39.Bg2 Bxb3 40.Bxb7 Rb8 41.Rd7 Bxa4 42.Rc7 Be8 43.Bd5 a4
44.Ra7 Kf6 45.f4 Rb2 46.Ra8 Ke7 47.c5  1/2-1/2

[Event "Hastings7879"]
[Site "Hastings"]
[Date "1978.??.??"]
[Round "14"]
[White "Mestel, A Jonathan"]
[Black "Balshan, Amikam"]
[Result "1-0"]
[WhiteElo "2450"]
[BlackElo "2415"]

1.e4 c5 2.Nf3 d6 3.d4 cxd4 4.Nxd4 Nf6 5.Nc3 a6 6.Be2 e5 7.Nb3 Be7 8.a4 O-O
9.O-O b6 10.Be3 Bb7 11.f3 Nc6 12.Qe1 Nb4 13.Qf2 Nd7 14.Rac1 f5 15.Bc4+ Kh8
16.Qe2 Nf6 17.Bg5 h6 18.Bxf6 Rxf6 19.Rfd1 Qe8 20.Nd2 Rd8 21.Nf1 fxe4 22.fxe4 Qg6
23.Ng3 Bc8 24.Rf1 Bg4 25.Rxf6 Bxf6 26.Qf2 Bg5 27.Rf1 h5 28.Kh1 h4 29.Nf5 Bxf5
30.exf5 Qh6 31.Qxb6 Nxc2 32.Nd5 h3 33.gxh3 Qh4 34.Bd3 Qxh3 35.Bxa6 Rf8 36.Qf2 Nd4
37.Qg2 Qxg2+ 38.Kxg2 e4 39.b4 Ra8 40.b5 e3 41.Nc7 Rb8 42.Ne6 Bf6 43.Nxd4 Bxd4
44.Kf3 Rf8 45.Ke2 Bb6 46.Bb7 Rf6 47.h4 Rh6 48.Rh1 Rf6 49.Be4 d5 50.Bd3 d4
51.Rc1 g6 52.Rc6 Rxc6 53.bxc6 gxf5 54.Bxf5 Kg7 55.Bg4 Kf6 56.Kd3 Ke5 57.h5 Kf6
58.Be2 Kg5 59.Kc4 Kf5 60.h6 Kg6 61.Kb5 Bc7 62.a5  1-0